Normal view
MARC view
Entry Genre/Form Term
001 - CONTROL NUMBER
- control field: 13083
003 - CONTROL NUMBER IDENTIFIER
- control field: ARRUPE
005 - DATE AND TIME OF LATEST TRANSACTION
- control field: 20141203142635.0
008 - FIXED-LENGTH DATA ELEMENTS
- fixed length control field: 141203|| aca||aabn | a|a d
040 ## - CATALOGING SOURCE
- Original cataloging agency: ARRUPE
- Transcribing agency: ARRUPE
155 ## - HEADING--GENRE/FORM TERM
- Genre/form term: War stories.
670 ## - SOURCE DATA FOUND
- Source citation: Work cat.: (ARRUPE)0: Cloete, Stuart, 1897- 13073, Rags of glory., 1963.